000 00647nam a2200229Ia 4500
005 20260320201833.0
008 008 262003s9999 xx 000 0 eng d
037 _aEBOOK
040 _aCRL
040 _beng
040 _cCRL
041 _2eng
041 _aeng
084 _qCRL
100 _aKvet
_91136077
245 0 _aDeveloping Robust Date and Time Oriented Applications in Oracle Cloud: A comprehensive guide to efficient date and time management in Oracle Cloud
260 _bIEEE
856 _uhttps://ieeexplore.ieee.org/servlet/opac?bknumber=10251387
942 _cEBOOK
999 _c1723814
_d1723814